載入...
ഹക്കും ബാത്തിലും
| Main Authors: | , |
|---|---|
| 格式: | Printed Book |
| 版: | 1st |
| 主題: |
| LEADER | 00655nam a22001697a 4500 | ||
|---|---|---|---|
| 082 | |a 297 |b NAI/H J9 | ||
| 100 | |a മൗലാനാ നഈം സിദ്ദീഖി |9 322883 | ||
| 100 | |a Moulana Naeem Sidheekhi |9 322884 | ||
| 240 | |a Hakkum Bathilum | ||
| 245 | |a ഹക്കും ബാത്തിലും | ||
| 250 | |a 1st | ||
| 300 | |a 54p. | ||
| 650 | |a മലയാളം; മുസ്ലിംമതം |9 322885 | ||
| 650 | |a Malayalam; Muslim Religion |9 322886 | ||
| 942 | |c BK | ||
| 999 | |c 53959 |d 53959 | ||
| 952 | |0 0 |1 0 |4 0 |6 297_000000000000000_NAI_H_J9 |7 0 |8 Muslim |9 64111 |a MAL |b MAL |d 2016-05-31 |e 5342 |l 0 |o 297 NAI/H J9 |p MAL005342 |r 2016-05-31 |t 1 |w 2016-05-31 |y BK | ||